000 00393nam a2200157Ia 4500
008 230917s9999||||xx |||||||||||||| ||und||
020 _cRS20
040 _e519
_aMAIN
041 _aEnglish
082 _a631.372 N213D
100 _aNational Council of Applied Economic Research
245 0 _aDemand for tractors
260 _aNew Delhi
_bNCAER
_c1974
300 _axi, 76 p.
942 _cBK
999 _c169736
_d169736